00281pam a2200109 a 4500020000500000041000500005082001700010100002400027245005500051260004800106300001700154 c h a743.028bBAR aBarringtom Barber . aThe Complete Book of Drawing hTextual Documents a[s.l]:bCapella Arcturus Publishing,c2014. a352:bpaper.